[Event "High Wycombe e2e4 op U2050"]
[Site "High Wycombe"]
[Date "2013.10.11"]
[Round "1"]
[White "Kelly, Anthony G"]
[Black "Stone, Mark R"]
[Result "1-0"]
[WhiteElo "1845"]
[BlackElo "1605"]
[PlyCount "73"]
[EventDate "2013.10.11"]
[EventType "swiss"]
[EventRounds "5"]
[EventCountry "ENG"]
[SourceTitle "EXT 2015"]
[Source "ChessBase"]
[SourceDate "2014.11.20"]
[SourceVersion "1"]
[SourceVersionDate "2014.11.20"]
[SourceQuality "1"]

1. d4 d5 2. c4 c6 3. Nc3 a6 4. cxd5 cxd5 5. Nf3 Nf6 6. g3 Nc6 7. Bg2 e6 8. 0-0 Bd6 9. Bg5 h6 10. Bf4 Bxf4 11. gxf4 b5 12. Rc1 Bb7 13. Qd3 0-0 14. Ne5 Rc8 15. e3 Qe7 16. Qd2 Rc7 17. Nd3 Nd7 18. f5 Qg5 19. fxe6 fxe6 20. Nf4 Qf6 21. Nxe6 Rcc8 22. Nxf8 Rxf8 23. Nxd5 Qd6 24. e4 Nd8 25. Qb4 Qxb4 26. Nxb4 Ne6 27. d5 Nf4 28. Rc7 Bc8 29. Nc6 Nb6 30. Ne7+ Kh7 31. Nxc8 Nxc8 32. e5 Nb6 33. Be4+ Kh8 34. h4 Re8 35. d6 Rxe5 36. d7 Nxd7 37. Rc8+ 1-0

[Event "Sunningdale e2e4 op U2050 05"]
[Site "Sunningdale"]
[Date "2013.05.26"]
[Round "4"]
[White "Kelly, Anthony G"]
[Black "Mallon, Gunnar"]
[Result "1/2-1/2"]
[WhiteElo "1847"]
[BlackElo "1627"]
[PlyCount "128"]
[EventDate "2013.05.24"]
[EventType "swiss"]
[EventRounds "7"]
[EventCountry "ENG"]
[SourceTitle "EXT 2014"]
[Source "ChessBase"]
[SourceDate "2013.11.20"]
[SourceVersion "1"]
[SourceVersionDate "2013.11.20"]
[SourceQuality "1"]

1. d4 d5 2. c4 e6 3. Nc3 f5 4. Nf3 Nf6 5. e3 c6 6. Bd3 Bd6 7. 0-0 0-0 8. b3 Qe8 9. Ne5 Ne4 10. Ne2 Nd7 11. Bb2 Kh8 12. f3 Nef6 13. cxd5 exd5 14. f4 Ne4 15. Nc3 Ndf6 16. Qe2 Be6 17. Rac1 Bf7 18. Bxe4 Nxe4 19. Nxe4 fxe4 20. Bc3 Rc8 21. Qd2 b6 22. Bb4 c5 23. Ba3 Be6 24. dxc5 bxc5 25. Qa5 Bxe5 26. fxe5 Rxf1+ 27. Rxf1 Qe7 28. Rc1 Qg5 29. Bxc5 Qxe5 30. Qd2 Qc7 31. b4 h6 32. Qd4 Qd7 33. Rf1 Qa4 34. Qe5 Re8 35. Bd4 Qd7 36. Rc1 Qf7 37. Rf1 Qd7 38. Qh5 Kh7 39. Qe2 Bg4 40. Qf2 a6 41. Rc1 Re7 42. Qg3 Be2 43. Rc2 Bc4 44. Rf2 Rf7 45. h3 Rxf2 46. Qxf2 Bd3 47. Qg3 Bc4 48. a3 Bd3 49. Qe5 Bc4 50. g4 Qf7 51. Qf4 Qxf4 52. exf4 g6 53. Kf2 h5 54. gxh5 gxh5 55. f5 Kg8 56. Kg3 Kf7 57. Kf4 Bf1 58. h4 Bc4 59. Kg5 Be2 60. Kf4 Bc4 61. Ke5 Bb3 62. Kd6 e3 63. Bxe3 Kf6 64. Kc5 Kxf5 1/2-1/2

[Event "High Wycombe e2e4 U2000 op 03"]
[Site "High Wycombe"]
[Date "2013.03.10"]
[Round "5"]
[White "Kelly, Anthony G"]
[Black "Kourtseva, Julie"]
[Result "0-1"]
[WhiteElo "1865"]
[BlackElo "1756"]
[PlyCount "86"]
[EventDate "2013.03.08"]
[EventType "swiss"]
[EventRounds "5"]
[EventCountry "ENG"]
[SourceTitle "EXT 2015"]
[Source "ChessBase"]
[SourceDate "2014.11.20"]
[SourceVersion "1"]
[SourceVersionDate "2014.11.20"]
[SourceQuality "1"]

1. d4 d5 2. c4 c6 3. Nf3 Nf6 4. e3 e6 5. b3 Bd6 6. Bd3 0-0 7. Nbd2 Nbd7 8. Bb2 Re8 9. Ne5 Qc7 10. f4 b6 11. 0-0 Bb7 12. Qf3 c5 13. cxd5 exd5 14. Qh3 Rad8 15. Ndf3 h6 16. Rac1 Bc8 17. Qh4 Be7 18. Qe1 Bb7 19. Nxd7 Qxd7 20. Ne5 Qe6 21. Qe2 Ne4 22. Bxe4 dxe4 23. f5 Qd5 24. Rfd1 cxd4 25. Rxd4 Qa5 26. Qh5 Bd5 27. Ra4 Qd2 28. Rd1 Qxe3+ 29. Kh1 Bf6 30. Ng4 Qg5 31. Nxf6+ gxf6 32. Qxg5+ fxg5 33. Rxa7 e3 34. Kg1 Bxb3 35. Re1 Bc4 36. Bf6 Rd6 37. Bc3 Rd3 38. Bb4 Rd5 39. g4 e2 40. Bc3 Rd3 41. Bb4 Rf3 42. a3 Rf1+ 43. Kg2 Bd5+ 0-1

[Event "London e2e4 Diamond Jubilee op-C"]
[Site "London"]
[Date "2012.06.04"]
[Round "5"]
[White "Head, Louise"]
[Black "Kelly, Anthony G"]
[Result "0-1"]
[WhiteElo "1760"]
[BlackElo "1842"]
[PlyCount "122"]
[EventDate "2012.06.02"]
[EventType "swiss"]
[EventRounds "7"]
[EventCountry "ENG"]
[SourceTitle "EXT 2014"]
[Source "ChessBase"]
[SourceDate "2013.11.20"]
[SourceVersion "1"]
[SourceVersionDate "2013.11.20"]
[SourceQuality "1"]

1. d4 Nf6 2. Nf3 d5 3. c4 e6 4. Nc3 Be7 5. Bg5 0-0 6. e3 b6 7. cxd5 exd5 8. Qc2 c5 9. dxc5 bxc5 10. Rd1 Be6 11. Bd3 Nbd7 12. Bxf6 Nxf6 13. Ng5 g6 14. Nxe6 fxe6 15. 0-0 Qb6 16. Ne2 c4 17. Bxg6 hxg6 18. Qxg6+ Kh8 19. Qh6+ Nh7 20. Nf4 Bg5 21. Ng6+ Kg8 22. Qh5 Rf5 23. g4 Rf7 24. h4 Bf6 25. g5 Bg7 26. Qg4 Nf8 27. Nxf8 Raxf8 28. h5 Rf5 29. h6 Be5 30. Kg2 Qxb2 31. Qh4 Bf6 32. gxf6 Qxf6 33. Rd4 Qxh4 34. Rxh4 Rg5+ 35. Kh3 Rf3+ 36. Kh2 Kh7 37. Rb1 Rxf2+ 38. Kh1 Rf7 39. Rc1 Rg6 40. e4 Rxh6 41. Rxh6+ Kxh6 42. exd5 exd5 43. Rd1 Rf5 44. a4 Kg6 45. a5 Kf6 46. Kg2 Ke5 47. Re1+ Kd6 48. Rh1 d4 49. a6 Kc6 50. Rh4 Rd5 51. Kf3 Kb6 52. Ke4 Rd7 53. Ke5 d3 54. Rh6+ Kb5 55. Rh1 d2 56. Rd1 Kxa6 57. Ke4 Rd3 58. Ra1+ Kb5 59. Rb1+ Ka4 60. Ra1+ Kb3 61. Rb1+ Kc2 0-1

[Event "Sunningdale op"]
[Site "Sunningdale"]
[Date "2010.09.12"]
[Round "5"]
[White "Lock, Gavin R"]
[Black "Kelly, Anthony G"]
[Result "1-0"]
[WhiteElo "2198"]
[BlackElo "1978"]
[PlyCount "63"]
[EventDate "2010.09.10"]
[EventType "swiss"]
[EventRounds "5"]
[EventCountry "ENG"]
[SourceTitle "CBM 138 Extra"]
[Source "ChessBase"]
[SourceDate "2010.10.29"]
[SourceVersion "1"]
[SourceVersionDate "2010.10.29"]
[SourceQuality "1"]

1. d4 Nf6 2. Nf3 d5 3. c4 e6 4. Nc3 Be7 5. Bg5 h6 6. Bh4 Nbd7 7. e3 0-0 8. Rc1 b6 9. cxd5 exd5 10. Bd3 c5 11. 0-0 Bb7 12. Ne5 Nxe5 13. dxe5 Ne4 14. Bxe7 Qxe7 15. Qh5 g6 16. Qxh6 Qxe5 17. Nxe4 dxe4 18. Bc4 Bd5 19. b3 Bxc4 20. Rxc4 Rfd8 21. Qh4 f5 22. Qg5 Kg7 23. h4 Rd6 24. b4 Rad8 25. bxc5 Rd1 26. Rc1 Rxf1+ 27. Kxf1 Rc8 28. Rd1 Rc7 29. h5 Qf6 30. Qf4 Rxc5 31. Rd7+ Kg8 32. Qb8+ 1-0

[Event "Sunningdale op"]
[Site "Sunningdale"]
[Date "2010.09.11"]
[Round "4"]
[White "Kelly, Anthony G"]
[Black "Webb, Matthew"]
[Result "1-0"]
[WhiteElo "1978"]
[BlackElo "2063"]
[PlyCount "47"]
[EventDate "2010.09.10"]
[EventType "swiss"]
[EventRounds "5"]
[EventCountry "ENG"]
[SourceTitle "CBM 138 Extra"]
[Source "ChessBase"]
[SourceDate "2010.10.29"]
[SourceVersion "1"]
[SourceVersionDate "2010.10.29"]
[SourceQuality "1"]

1. d4 g6 2. c4 Nf6 3. Nf3 Bg7 4. Nc3 d6 5. e4 0-0 6. Be2 e5 7. dxe5 dxe5 8. Qxd8 Rxd8 9. Bg5 Re8 10. Nd5 Nxd5 11. cxd5 c6 12. Bc4 b5 13. Bb3 a5 14. a4 b4 15. Rc1 Bb7 16. d6 Bf8 17. Rd1 Nd7 18. Be3 Ba6 19. Ng5 h6 20. Bxf7+ Kg7 21. Bxe8 Rxe8 22. Nf3 Re6 23. Nd2 Bd3 24. Rc1 1-0